Brawl Stars : Brawlers - Statistics

General Stats
  • This quiz has been taken 27 times
  • The average score is 34 of 64
Answer Stats
Hint Answer % Correct
Starting Brawler Shelly
100%
Rare El Primo
88%
Rare Colt
84%
Rare Bull
80%
Rare Nita
80%
Rare Brock
76%
Legendary Leon
76%
Rare Rosa
76%
Rare Barley
72%
Legendary Crow
72%
Super Rare Dynamike
68%
Super Rare Jacky
68%
Rare Poco
68%
Legendary Spike
68%
Super Rare Jessie
64%
Super Rare Penny
64%
Super Rare Darryl
60%
Epic Emz
60%
Super Rare Rico
60%
Legendary Sandy
60%
Super Rare 8 Bit
56%
Epic Edgar
56%
Super Rare Gus
56%
Mythic Mortis
56%
Epic Stu
56%
Mythic Tara
56%
Super Rare Tick
56%
Epic Bo
52%
Super Rare Carl
52%
Epic Frank
52%
Chromatic Gale
52%
Mythic Gene
52%
Epic Pam
52%
Mythic Sprout
52%
Chromatic Surge
52%
Epic Bibi
48%
Epic Griff
48%
Mythic Max
48%
Legendary Meg
48%
Epic Piper
48%
Legendary Amber
44%
Chromatic Buster
44%
Mythic Byron
44%
Chromatic Colette
44%
Chromatic Fang
44%
Mythic Squeak
44%
Chromatic Ash
40%
Chromatic Belle
40%
Epic Bonnie
40%
Chromatic Buzz
40%
Legendary Chester
40%
Chromatic Lou
40%
Chromatic Mandy
40%
Mythic Mr P
40%
Epic Bea
36%
Epic Grom
36%
Epic Nani
36%
Chromatic Otis
36%
Chromatic Ruffs
36%
Chromatic Sam
36%
Mythic Gray
28%
Chromatic Janet
28%
Chromatic Lola
28%
Chromatic Eve
20%
No matching quizzes found
Score Distribution
Percent of People with Each Score
Percentile by Number Answered
Your Score History
You have not taken this quiz